Cisco Networking Academy Program Fundamentals of Wireless LANs Companion Guide / The only authorized textbook for the Cisco Networking Academy Program (Record no. 5439)
[ view plain ]
| 000 -LEADER | |
|---|---|
| fixed length control field | 01095cam a22001934a 4500 |
| 005 - ΗΜΕΡΟΜΗΝΙΑ ΚΑΙ ΩΡΑ ΤΕΛΕΥΤΑΙΑΣ ΕΝΗΜΕΡΩΣΗΣ | |
| Πεδίο ελέγχου | 20250605163503.0 |
| 008 - FIXED-LENGTH DATA ELEMENTS--GENERAL INFORMATION | |
| Πεδίο ελέγχου σταθερού μήκους | 250528s ||||||||||||||||||||||||d |
| 035 ## - SYSTEM CONTROL NUMBER | |
| System control number | 20317 |
| 020 ## - ISBN | |
| ISBN | 1587131196 |
| 040 ## - ΠΗΓΗ ΚΑΤΑΛΟΓΟΓΡΑΦΗΣΗΣ | |
| Φορέας πρωτότυπης καταλογογράφησης | MC Athens Campus Library |
| Γλώσσα καταλογογράφησης | Ελληνικά, Μοντέρνα (1453-) |
| Modifying agency | MC Athens Campus Library |
| Κανόνες περιγραφικής καταλογογράφησης | AACR2 |
| 245 1# - ΤΙΤΛΟΣ ΚΑΙ ΔΗΛΩΣΗ ΥΠΕΥΘΥΝΟΤΗΤΑΣ | |
| Τίτλος | Cisco Networking Academy Program Fundamentals of Wireless LANs Companion Guide / The only authorized textbook for the Cisco Networking Academy Program |
| 250 ## - EDITION STATEMENT | |
| Edition statement | 4th |
| 260 ## - PUBLICATION, DISTRIBUTION, ETC. | |
| Name of publisher, distributor, etc. | Cisco Press, |
| Date of publication, distribution, etc. | 2005 |
| 300 ## - PHYSICAL DESCRIPTION | |
| Extent | 854 |
| 520 ## - SUMMARY, ETC. | |
| Summary, etc. | This Cisco Systems authorized textbook is a portable desk reference designed to accompany the Fundamentals of Wireless LANs online course in the Cisco Networking Academy Program. Includes CD ROM. Wireless Technology Background, Introduction to Wireless LANs, Wireless Equipment, IEE 802. 11 and Network Interface Cards, Wireless Radio Technology, Wireless Topologies, Access Points, Bridges, Antennas, Wireless Site Security and Preparation, Security, Applications and Design and Site Survey Preparation, Site Survey and Installation. |
| 942 ## - ADDED ENTRY ELEMENTS (KOHA) | |
| Koha item type | Books |
| Τύπος τεκμηρίου | Βιβλιοθήκη | Τρέχουσα τοποθεσία | Barcode | Αριθμός εισαγωγής | Ημερομηνία απόκτησης | Ταξιθετικό σύμβολο | Αριθμός αντιτύπου | Κατάσταση απόσυρσης | Κατάσταση χαμένου | Κατάσταση κατεστραμμένου | Μη δανεισμός | Σύνολο δανεισμών | Ημερομηνία τελευταίας εμφάνισης | Η τιμή ισχύει από |
|---|---|---|---|---|---|---|---|---|---|---|---|---|---|---|
| Books | MC Athens Campus Library | MC Athens Campus Library | 9780000054388 | 6707 | 05/06/2025 | REF 004.68 CIS | 1 | 05/06/2025 | 05/06/2025 |